00307nam a2200121Ia 4500008004100000100002300041245004000064260003900104300000800143650001000151942000700161999001700168190216s9999||||xx |||||||||||||| ||und|| aVinay Sreevasthava 0aHindi-Yese Bane Dhe Lala Lajbathray bUthar Pradesh Hindi Samsthanc2012 a144 aHindi cBK c16887d16887